Informácia o výskumných projektoch Katedry podnikovohospodárskej

Prehľad výskumných projektov riešených v roku 2006. Kategória projektov: VEGA

Salvato in:
Dettagli Bibliografici
Autore principale: Majtán, Štefan
Natura: Capitolo di libro
Lingua:slovacco
Soggetti:
Tags: Aggiungi Tag
Nessun Tag, puoi essere il primo ad aggiungerne!!

MARC

LEADER 00000naa$a2200000$$$4500
001 0063587
005 20240502071732.4
041 0 |a slo 
044 |a SK 
245 1 0 |a Informácia o výskumných projektoch Katedry podnikovohospodárskej  |c Štefan Majtán 
520 |a Prehľad výskumných projektov riešených v roku 2006. Kategória projektov: VEGA 
610 2 0 |a projekty 
610 2 0 |a diagnostika podniková 
610 2 0 |a odvetvia sieťové 
610 2 0 |a Európska únia 
610 2 0 |a riziko podnikateľské 
610 2 0 |a hospodárstvo podnikové 
610 2 0 |a organizácie neziskové 
610 2 0 |a ceny spotrebiteľské 
100 1 |a Majtán, Štefan